Регионална библиотека "Любен Каравелов" - Русе

В походи и боеве (Запис номер 125413)

MARC детайли
000 -Лидер
Контролно поле с фиксирана дължина nam a22 a 4500
003 - Код на организацията, давaща контролен номер
Контролно поле BLK
005 - Дата и час на последна редакция
Контролно поле 20220328140212.0
008 - Елементи от данни с фиксирана дължина
fixed length control field 180409b bul|||||r ||||||| ||bul||
010 ## - Наследен системен номер
LC control number KNG00131083000
040 ## - Източник на каталожния запис
Идентификатор на билиотеката - собственик на записа BLK
041 ## - Код за език
Код за езика на текст/звукозапис или на отделно заглавие Български
Код за езика КДБФ Български
080 ## - УДК
Текстов определител УДК Военна история - Военни походи, битки, героични подвизи. Вж и 93/99
УДК код - определител по УДК 355.48
УДК определител (47+57)(093.3)
УДК - код + определител 355.48(47+57)(093.3)
100 1# - Редна дума - Автор
Автор Батов, Павел Иванович
Авторска отговорност първи автор
R(LIN) 319407
139 ## - Редно поле
Редна дума Батов, Павел Иванович
Авторски знак Бат - Б 28
245 10 - Сведения за заглавието
Заглавие В походи и боеве
Подзаглавни данни Спомени за Отечествената война
Редно поле (дума) Павел Иванович Батов; прев. от рус. Николай Малчев.
257 ## - Страна на издаване
Страна на създаване/издаване СССР
260 ## - Област на издателските данни
Място на издаване, разпространение и проч. София
Име на издателя, разпространителя и проч. Държ. воен. изд.
Година на издаване 1963
300 ## - Физическа характеристика
Страници 340 с.
Илюстрации и др. 1 л. портр.
Размери/Мащаб 22 см
380 ## - Жанр
Жанр Обществени науки
490 ## - СЕРИИ (Колекции)
Име на серия Военни мемоари
9 (RLIN) 205779
500 ## - Общи забележки
Забележка Ориг. загл. В боях и походах. - Авт. не е отбелязан на кор. - 3 100 тир.
650 #4 - Допълнително описание по предмет – тема
Основно описание – тема или топоним Велика Отечествена война - СССР
9 (RLIN) 254920
650 #4 - Допълнително описание по предмет – тема
Основно описание – тема или топоним Втора световна война - участие на СССР
9 (RLIN) 256326
651 #4 - Допълнително описание по предмет - топоним
Географско понятие СССР
9 (RLIN) 179592
653 ## - Ключова дума – ненормативна
Ключова дума Велика отечествена война
653 ## - Ключова дума – ненормативна
Ключова дума СССР
653 ## - Ключова дума – ненормативна
Ключова дума мемоари
653 ## - Ключова дума – ненормативна
Ключова дума спомени
700 1# - Други автори (авторска отговорност)
Лично име Малчев, Николай
Автороска отговорност (Описва отношението между автора и произведението) прев. от рус.
9 (RLIN) 319408
852 ## - Местоположение
Форматна сигнатура Цб 28578
Фондова буква Хранилище
856 4# - Електронен адрес и достъп
Електронен формат pdf - файл
856 4# - Електронен адрес и достъп
Електронен формат pdf - файл
999 ## - СИСТЕМНИ КОНТРОЛНИ НОМЕРА
Koha biblionumber 125413
Koha biblioitemnumber 125413
942 ## - АРТИКУЛИ
Вид на библиотечния материал Книги
Скрит в OPAC Не
Периодичен библиозапис Да
944 ## - СЪЗДАВАНЕ И РЕДАКЦИЯ на ЗАПИСА
Създаване/Редакция Създаване
Дата на регистрацията/редакция 02.06.2012
Статус, дата на статуса 02.06.2012 - от С1,Р / 02.06.2012
Служител, извършил регистрацията/редакцията Кети_Илиева
944 ## - СЪЗДАВАНЕ И РЕДАКЦИЯ на ЗАПИСА
Създаване/Редакция Редакция
Дата на регистрацията/редакция 02.06.2012
Статус, дата на статуса 02.06.2012 - от С1,Р / 02.06.2012
Наличности
Код за отписване Код за изгубен артикул Източник на класификационната схема Код за повреда Коз за рестрикции Код за отдаване Артикулен № Име на библиотеката - собственик Име на библиотеката, в която се намира в момента Статус (Текущо местоположение) Дата на вписване в системата Местоположение - отдел Цена в лева Инвентарен номер Систематично азбучна сигнатура Баркод Номер на екземпляра Цена в евро Служебна бележка Служебен тип на артикула
  Не е изгубен Universal Decimal Classification Не е повреден само за читалня ползва се в читалня 203989 Регионална библиотека "Любен Каравелов" Русе Регионална библиотека "Любен Каравелов" Русе Хранилище 1963-01-01 Хранилище 1.14 16574/63 Цб 28578 900000092408 1 0.58 Вид: Сф Дата: 01.01.1963 Книги
Изтеглен Не е изгубен Universal Decimal Classification Не е повреден без рестрикции заемане за дома 203990 Регионална библиотека "Любен Каравелов" Русе Регионална библиотека "Любен Каравелов" Русе Заемна - подръчен фонд 1963-01-01 Заемна - подръчен фонд 0.00 337/64 П 355.48/Б 28 337/64 2 0.00 Вид: Сф Дата: 01.01.1963 Книги
Изтеглен Не е изгубен Universal Decimal Classification Не е повреден без рестрикции заемане за дома 203991 Регионална библиотека "Любен Каравелов" Русе Регионална библиотека "Любен Каравелов" Русе Заемна - подръчен фонд 1963-01-01 Заемна - подръчен фонд 0.00 338/64 П 355.48/Б 28 338/64 3 0.00 Вид: Сф Дата: 01.01.1963 Книги
Vip Innovations Ltd, Rousse, Bulgaria 2025